| 000 | 01164nam0a22002891 4500 | ||
|---|---|---|---|
| 001 | rc\4244898 | ||
| 005 | 20260406150416.0 | ||
| 021 |
_aRU _b[68-21692] |
||
| 035 | _a(NLR Aleph) 008472670 | ||
| 090 |
_a7939686 _c7939686 |
||
| 100 | _a20130416d1967 |||y0rusy50 ca | ||
| 101 | 0 | _arus | |
| 102 | _aRU | ||
| 105 | _aa z ||||| | ||
| 200 | 1 |
_aНеорганическая химия _eУчеб. пособие для студентов хим.-техн. специальностей _fМ-во высш. и сред. спец. образования РСФСР. Казан. хим.-техн. ин-т им. С.М. Кирова |
|
| 205 | _a3-е изд., перераб. | ||
| 210 |
_aКазань _cБ. и. _d1967 |
||
| 215 |
_a656 с. _cил. _d21 |
||
| 320 | _aПредм. указатель: с. 644-654 | ||
| 606 |
_aНеорганическая химия _jУчебники и пособия _2psbo |
||
| 700 | 1 |
_7ca _8rus _aАхметов _bН. С. _f1926-2006 _gНаиль Сибгатович _3RU\NLR\AUTH\775012 _9114983 |
|
| 801 | 0 |
_aRU _bNLR _gpsbo |
|
| 801 | 1 |
_aRU _bELAR _2rusmarc |
|
| 852 |
_aNLR _j68-3/21692 |
||
| 942 | _cBOOK | ||
| 980 | _aNB | ||